Movies Quiz

Random Movies or Director Quiz

Jan de Bont Movies Quiz Stats

 Plays Quiz not verified by Sporcle

Challenge
Share
Tweet
Embed
Score 0/5 Timer 02:00
0 Plays Today
Hint Answer % Correct
Keanu ReevesSpeed
100%
Helen HuntTwister
96.2%
Sandra BullockSpeed 2: Cruise Control
80.8%
Angelina JolieLara Croft Tomb Raider: The Cradle of Life
57.7%
Liam NeesonThe Haunting
53.8%

You're not logged in!

Compare scores with friends on all Sporcle quizzes.
OR
Log In

You Might Also Like...

Show Comments

Extras

Created Mar 21, 2014ReportNominate
Tags:Director Quiz, 1990s, action, dutch, jan

Top Quizzes Today


Score Distribution

Your Account Isn't Verified!

In order to create a playlist on Sporcle, you need to verify the email address you used during registration. Go to your Sporcle Settings to finish the process.

Report this User

Report this user for behavior that violates our Community Guidelines.

Details: